Uber die weissen und rothen kalke von Vils in Tyrol ... /

Bibliographic Details
Main Author: Oppel, Albert
Format: Book
Language:German
Published: Munchen, [publisher not identified] ; 1860.
Subjects:

MARC

Tag First Indicator Second Indicator Subfields
LEADER 00000cam a2200000 4500
001 in00000040146
005 20151007070539.0
008 800530s1860 gw f 00010 ger d
035 |a (OCoLC)06373568 
035 |9 AAE4229AM 
040 |a TXA  |c TXA  |d UtOrBLW 
049 |a TXAM 
090 |a QE755.A8  |b O66 1860 
092 |a 560.94364  |b O62ue 
100 1 |a Oppel, Albert. 
245 1 0 |a Uber die weissen und rothen kalke von Vils in Tyrol ... /  |c von Prof. Dr. Albert Oppel. 
264 1 |a Munchen,  |b [publisher not identified] ;  |c 1860. 
300 |a 40 pages :  |b 2 plates. 
336 |a text  |b txt  |2 rdacontent 
337 |a unmediated  |b n  |2 rdamedia 
338 |a volume  |b nc  |2 rdacarrier 
650 0 |a Paleontology  |z Tyrol. 
999 |a MARS 
999 f f |s d78ae98b-a2c0-37a6-ad72-c19a8cfee4ae  |i 16f98754-5839-3cf2-87ed-4264f1187d65  |t 0 
952 f f |p normal  |a Texas A&M University  |b College Station  |c Sterling C. Evans Library  |d Evans: Library Stacks  |t 0  |e QE755.A8 O66 1860  |h Library of Congress classification  |i unmediated -- volume  |m A14800963213 
998 f f |a QE755.A8 O66 1860  |t 0  |l Evans: Library Stacks